000 00603na a2200229 4500
001 14300
003 MIRAKIL
005 20181213155041.0
008 161123b tu 000 0
035 _a14300
040 _aMilas
_btur
_cTR-AnCHP
041 _atur
082 _a811.42
_bB33i 1983
090 _a811.42 B33i 1983
100 _aBehramoğlu, Ataol
_d1942-
245 _aİyi bir yurttaş aranıyor
_cAtaol Behramoğlu
260 _aİstanbul
_bAğaoğlu Yayınevi
_c1983
300 _a57 s.
_c20 sm.
650 _aTürk edebiyatı
_xŞiir
650 _aTürkçe şiir
942 _2ddc
_cBKS
999 _c5599
_d5599